Statistics for Pokemon With Yellow Shinies

Click here to take the quiz!

General Stats

  • This quiz has been taken 21 times
  • The average score is 42 of 148

Answer Stats

HintAnswer% Correct
Pikachu
94%
Caterpie
65%
KantoCharmander
65%
Charmeleon
65%
Geodude
53%
Graveler
53%
Weedle
53%
Arbok
47%
Azumarill
47%
Exeggutor
47%
Golem
47%
Hoothoot
47%
Magikarp
47%
Noctowl
47%
Pichu
47%
Steelix
47%
Steelix Mega
47%
HoennTorchic
47%
Arcanine
41%
Drifloon
41%
Growlithe
41%
Krabby
41%
Ledyba
41%
Lickitung
41%
Vulpix
41%
Zapdos
41%
Abra
35%
Alakazam
35%
Alakazam Mega
35%
Altaria
35%
Altaria Mega
35%
Arceus
35%
Bellsprout
35%
Electivire
35%
Elekid
35%
Exeggcute
35%
Flareon
35%
Groudon
35%
Ho-Oh
35%
Kadabra
35%
SinnohKricketot
35%
Lickilicky
35%
Lucario
35%
Lucario Mega
35%
Galar FormsMeowth
35%
Riolu
35%
Sandile
35%
Swablu
35%
Volcanion
35%
Deoxys
29%
Hoopa
29%
Hoopa Unbound
29%
Jangmo-o
29%
Jirachi
29%
Kommo-o
29%
Kricketune
29%
Larvesta
29%
Luxio
29%
Luxray
29%
Meowstic Male
29%
Mismagius
29%
Munna
29%
Naganadel
29%
Nosepass
29%
Octillery
29%
Parasect
29%
Perrserker
29%
Probopass
29%
Sableye
29%
Sableye Mega
29%
JohtoSentret
29%
Shinx
29%
Uxie
29%
Volcarona
29%
Bonsly
24%
Buizel
24%
Cacturne
24%
Floatzel
24%
Goodra
24%
Hakamo-o
24%
Moltres
24%
Nihilego
24%
Nincada
24%
Ninjask
24%
Piloswine
24%
Poochyena
24%
Regieleki
24%
Rhyperior
24%
Scrafty
24%
Scraggy
24%
Shellder
24%
Slowpoke
24%
Stakataka
24%
Stunfisk
24%
Sunkern
24%
UnovaTepig
24%
Accelgor
18%
Barboach
18%
Bewear
18%
Chingling
18%
Claydol
18%
Cramorant
18%
Drampa
18%
Goomy
18%
Grumpig
18%
Illumise
18%
Makuhita
18%
Mightyena
18%
Mudbray
18%
Mudsdale
18%
Pineco
18%
KalosPyroar
18%
Shelmet
18%
Sliggoo
18%
Slowbro
18%
Stufful
18%
Swoobat
18%
Torkoal
18%
Tympole
18%
Boltund
12%
Cinccino
12%
Copperajah
12%
Cufant
12%
Dragapult
12%
Driftblim
12%
Emolga
12%
Forretress
12%
Galvantula
12%
Klefki
12%
Latias
12%
Luvdisc
12%
Morelull
12%
AlolaOricorio Pom-Pom
12%
Rookidee
12%
Scizor Mega
12%
Scorbunny
12%
Shiinotic
12%
Sirfetch'd
12%
GalarThwackey
12%
Turtonator
12%
Wishiwashi
12%
Anorith
6%
Ferrothorn
6%
Gorebyss
6%
Inkay
6%

Score Distribution

Percentile by Number Answered

Percent of People with Each Score

Your Score History

You have not taken this quiz